[Event "Sandefjord Grand Prix A"]
[Site "Sandefjord"]
[Date "2019.10.27"]
[Round "4"]
[White "Helliesen, Lykke Merlot"]
[Black "Espeland, Jonatan"]
[Result "1-0"]
[WhiteElo "1610"]
[BlackElo "1770"]
[PlyCount "83"]
[EventDate "2019.10.25"]
[EventType "swiss"]
[EventRounds "6"]
[EventCountry "NOR"]
[SourceTitle "EXT 2024"]
[Source "ChessBase"]
[SourceDate "2023.10.10"]
[SourceVersion "1"]
[SourceVersionDate "2023.10.10"]
[SourceQuality "1"]

1. d4 Nf6 2. Bf4 d5 3. e3 e6 4. Nf3 Bd6 5. Bg3 0-0 6. c3 c5 7. Nbd2 Qc7 8. Ne5 Nbd7 9. f4 b6 10. Bd3 a5 11. Qe2 Bb7 12. a4 Ne4 13. Bh4 f6 14. Nef3 Rae8 15. 0-0 e5 16. fxe5 fxe5 17. Nxe4 dxe4 18. Bc4+ Kh8 19. Ng5 Nf6 20. Ne6 Rxe6 21. Bxe6 exd4 22. cxd4 Bxh2+ 23. Kh1 Bg3 24. Bxg3 Qxg3 25. dxc5 Rd8 26. Bh3 Bc8 27. Bxc8 Rxc8 28. Qf2 Qxf2 29. Rxf2 Rxc5 30. Rd1 Kg8 31. g3 Kf7 32. Rd6 b5 33. axb5 Rxb5 34. Rd4 Ke6 35. Kg2 Ke5 36. Re2 Nd5 37. Rc4 h6 38. Rc8 Rb4 39. Rc5 Kd6 40. Rxa5 Kc6 41. Rc2+ Kd6 42. Rd2 1-0

[Event "Kragero Grand Prix B"]
[Site "Kragero"]
[Date "2016.09.??"]
[Round "3"]
[White "Johannessen, Simon T"]
[Black "Espeland, Jonatan"]
[Result "1-0"]
[WhiteElo "788"]
[BlackElo "912"]
[PlyCount "93"]
[EventDate "2016.09.02"]
[EventType "swiss"]
[EventRounds "5"]
[EventCountry "NOR"]
[SourceTitle "EXT 2024"]
[Source "ChessBase"]
[SourceDate "2023.10.10"]
[SourceVersion "1"]
[SourceVersionDate "2023.10.10"]
[SourceQuality "1"]

1. e4 e5 2. Nf3 Nc6 3. Bc4 Bc5 4. b4 Bxb4 5. c3 Bc5 6. d4 exd4 7. cxd4 Bb4+ 8. Bd2 d6 9. Bxb4 Nxb4 10. Qb3 Qe7 11. Qxb4 Qxe4+ 12. Be2 Be6 13. Nc3 Qc6 14. Qb5 Bd7 15. Qxc6 Bxc6 16. Nb5 Bxb5 17. Bxb5+ c6 18. Bd3 Nf6 19. 0-0 0-0 20. Rfe1 Rfe8 21. Rxe8+ Rxe8 22. Re1 Rxe1+ 23. Nxe1 b5 24. Nc2 a5 25. Ne3 g6 26. Kf1 Kf8 27. d5 Nxd5 28. Nxd5 cxd5 29. Bxb5 Ke7 30. Ke2 Ke6 31. f4 d4 32. Kd3 Kd5 33. Bc4+ Kc5 34. Bxf7 d5 35. g4 Kd6 36. Kxd4 Ke7 37. Bxd5 Kf6 38. f5 gxf5 39. gxf5 Kxf5 40. Be4+ Kg4 41. Bxh7 Kh3 42. Kc5 Kxh2 43. Kb5 Kg3 44. Kxa5 Kf4 45. Kb6 Ke3 46. a4 Kd4 47. a5 1-0